000 00502cam a2200181ua 4500
001 9576
008 160224n ii |||gr||||Z||||||eng
040 _cMAIN
041 _aeng
082 _a325
100 _aHazarika, Upamanyu,
_eAuthor.
245 1 _aTruth about illegal migration in Assam and Northeast
_cby Upamanyu Hazarika
260 _a[s.l]:
_bConfederation of Nort-Eastern people
300 _a50p.
653 _aInternational migration & colonization
653 _aImmigration
942 _cBK
999 _c8606
_d8606